Statistiques concernant Les 20 latéraux les plus décisifs du 21eme siècle.

Cliquez ici pour prendre le quiz!

Statistiques générales

  • Ce quiz a été pris 187 fois
  • Le résultat moyen est 10 sur 20

Statistiques - réponses

B+PDRéponsePays% Correct
281Dani AlvesBrésil
89%
164MarceloBrésil
87%
167Jordi AlbaEspagne
82%
88Alphonso DaviesCanada
80%
263Roberto CarlosBrésil
77%
84Trent Alexander-ArnoldAngleterre
74%
100Philipp LahmAllemagne
72%
107Andy RobertsonEcosse
70%
107David AlabaAutriche
69%
129Thomas MeunierBelgique
68%
86Ashley ColeAngleterre
46%
84Ricardo RodriguezSuisse
33%
122Aleksandar KolarovSerbie
30%
108Raphael GuerreiroPortugal
29%
80Gianluca ZambrottaItalie
21%
82Alessandro FlorenziItalie
16%
135John Arne RiiseNorvége
14%
107Lukasz PiszczekPologne
14%
106Alex TellesBrésil
9%
116Leighton BainesAngleterre
4%

Distribution des résultats

Percentile par nombre de réponses

% des personnes avec chaque résultat

Votre développement - résultats

Vous n’avez pas pris ce quiz